Brain Research in Language

Brain Research in Language addresses important neurological issues involved in reading. The reading process is a highly composite cognitive task, which relies on brain systems that were originally devoted to other functions. The majority of studies in this area have implemented behavioral methodolog...

Full description

Bibliographic Details
Corporate Author: SpringerLink (Online service)
Other Authors: Breznitz, Zvia (Editor)
Format: Electronic eBook
Language:English
Published: Boston, MA : Springer US, 2008.
Series:Literacy Studies ; 1
Subjects:
Online Access:Full Text via HEAL-Link
LEADER 05001nam a22005055i 4500
001 978-0-387-74980-8
003 DE-He213
005 20151204144550.0
007 cr nn 008mamaa
008 100301s2008 xxu| s |||| 0|eng d
020 |a 9780387749808  |9 978-0-387-74980-8 
024 7 |a 10.1007/978-0-387-74980-8  |2 doi 
040 |d GrThAP 
050 4 |a RC346-429.2 
072 7 |a MJN  |2 bicssc 
072 7 |a MED056000  |2 bisacsh 
082 0 4 |a 616.8  |2 23 
245 1 0 |a Brain Research in Language  |h [electronic resource] /  |c edited by Zvia Breznitz. 
264 1 |a Boston, MA :  |b Springer US,  |c 2008. 
300 |a VI, 277 p.  |b online resource. 
336 |a text  |b txt  |2 rdacontent 
337 |a computer  |b c  |2 rdamedia 
338 |a online resource  |b cr  |2 rdacarrier 
347 |a text file  |b PDF  |2 rda 
490 1 |a Literacy Studies ;  |v 1 
505 0 |a The Use of EEG-ERP in Written Language Research: A review -- Electrophysiological Correlates of Visual Word Recognition in the Hemispheres -- Mapping the Development of Coarse Visual Tuning for Print -- Auditory Mismatch Failure in Infants at Risk for Dyslexia -- The Relationship between Brainstem Dysfunction and the Development of Early Communication Skills in Premature Infants -- The Contribution of EEG-ERP Measures to Our Understanding of Brain Asynchrony in Dyslexia -- Dyslexia and the Failure in Forming Memory Traces -- Speech and Language Processing: How Special Is It? -- Electrical Revelations of Linguistic Knowledge and Expectations -- Brain Waves are Stethescopes: ERP Correlates of Novel Metaphor Comprehension -- Syntactic Processing in Two Languages and Bilingual Adult Readers: An ERP Study -- Rapid Serial Stimulus Presentation and ERP-Analysis, Including Source Localization, in the Frequency Domain -- Overlapping Tasks Methodology as a Tool for Investigating Language Perception -- The Correlation Based Model: An Alternative System for Analyzing ERP Data in Cognitive Research -- Connectivity-Coherence Analysis: Large Scale Neuronal Coordination in Reading: A Comparison between Regular and Dyslexic Readers -- Estimation of Electrical Brain Activity Sources During Lexical Decision Using LORETA: A Comparison of Dyslexic and Regular Readers -- Combining Event-Related Potentials and Eyes Movement in Reading Research -- An ERP Study Comparing German and English -- An ERP Study Comparing Hebrew and English -- An ERP Study comparing Russian, Hebrew and English -- An ERP Study Comparing Arabic and English -- The use of fMRI and ERP in Language Research: Time and Location -- Discussions and Conclusions. 
520 |a Brain Research in Language addresses important neurological issues involved in reading. The reading process is a highly composite cognitive task, which relies on brain systems that were originally devoted to other functions. The majority of studies in this area have implemented behavioral methodologies, which provide information concerning the entire cognitive sequence at the conclusion of processing only, in the reader’s output. However, these measures cannot specify all of the covert component operations that contribute to reading, nor can they determine the relative processing times required by the individual stages. Furthermore, they cannot determine which processes occur serially, which occur in parallel and which overlap in time (Brandeis & Lehmann, 1994; Johnson, 1995). Recent advancements in the field of neuroscience and cognitive development, however, have added a new dimension with regard to the research into the universal and domain specific aspects of reading with the advent of innovative neurophysiological measurement techniques. The most common are electroencephalography (EEG) and functional magnetic resonance imaging (fMRI). These two methods provide researchers with the opportunity to examine, in-depth, the neural correlates of the reading processing with precise temporal and spatial resolutions, respectively. This book presents data obtained from various studies employing behavioral, electrophysiological and imaging methodologies in different languages focusing on the regular reading process and the dyslexic population. Educators and researchers within neuroscience, literacy, and special education will benefit from Brain Research in Language. 
650 0 |a Medicine. 
650 0 |a Neurology. 
650 0 |a Language and education. 
650 0 |a Educational psychology. 
650 0 |a Cognitive psychology. 
650 1 4 |a Medicine & Public Health. 
650 2 4 |a Neurology. 
650 2 4 |a Language Education. 
650 2 4 |a Pedagogic Psychology. 
650 2 4 |a Cognitive Psychology. 
700 1 |a Breznitz, Zvia.  |e editor. 
710 2 |a SpringerLink (Online service) 
773 0 |t Springer eBooks 
776 0 8 |i Printed edition:  |z 9780387749792 
830 0 |a Literacy Studies ;  |v 1 
856 4 0 |u http://dx.doi.org/10.1007/978-0-387-74980-8  |z Full Text via HEAL-Link 
912 |a ZDB-2-SHU 
950 |a Humanities, Social Sciences and Law (Springer-11648)